Entry Nombre personal
001 - NÚMERO DE CONTROL
- campo de control: 141412
003 - IDENTIFICADOR DE NÚMERO DE CONTROL
- campo de control: OSt
005 - FECHA Y HORA DE LA ÚLTIMA TRANSACCIÓN
- campo de control: 20250919133040.0
008 - ELEMENTOS DE DATO DE LONGITUD-FIJA
- campo de control de longitud fija: 090921 b azzaaaaaa a aaa d
040 ## - FUENTE DE CATALOGACIÓN
- Centro catalogador/agencia de origen: OSt
- Centro/agencia transcriptor: OSt
100 1# - ENCABEZAMIENTO-NOMBRE DE PERSONA
- Nombre de persona: Silvela, Manuel,
- Fechas asociadas al nombre: 1830-1892
400 1# - TRAZADO DE VÉASE--NOMBRE DE PERSONA
- Nombre de persona: Silvela y de Le Vielleuze, Manuel (
- Fechas asociadas al nombre: 1830-1892)
400 1# - TRAZADO DE VÉASE--NOMBRE DE PERSONA
- Nombre de persona: Velisla (
- Fechas asociadas al nombre: 1830-1892)
400 1# - TRAZADO DE VÉASE--NOMBRE DE PERSONA
- Nombre de persona: Velista (
- Fechas asociadas al nombre: 1830-1892)
400 1# - TRAZADO DE VÉASE--NOMBRE DE PERSONA
- Nombre de persona: Fernández, Juan (
- Fechas asociadas al nombre: 1830-1892)
